Súradnice stability slovenskej meny. 1 Konvertibilita slovenskej koruny a všetky ostatné súvislosti

Od roku 1971 je Slovensko účastníkom sústavy papierových peňazí. Úplne vymeniteľné meny, meny s vnútornou vymeniteľnosťou, meny bez oficiálnej konvertibility. Po roku 1989 sa Slovensko začlenilo do skupiny krajín s vnútornou konvertibilitou meny. Od 1.10.1995 sú slovenská i česká koruna úplne vymeni...

Descrizione completa

Salvato in:
Dettagli Bibliografici
Autore principale: Kráľ, Miloš
Natura: Capitolo di libro
Lingua:slovacco
Soggetti:
Tags: Aggiungi Tag
Nessun Tag, puoi essere il primo ad aggiungerne!!

MARC

LEADER 00000naa a2200000 4500
001 r017960
005 20221205102103.8
041 0 |a slo 
044 |a SK 
245 1 0 |a Súradnice stability slovenskej meny. 1  |b Konvertibilita slovenskej koruny a všetky ostatné súvislosti  |c Miloš Kráľ 
520 |a Od roku 1971 je Slovensko účastníkom sústavy papierových peňazí. Úplne vymeniteľné meny, meny s vnútornou vymeniteľnosťou, meny bez oficiálnej konvertibility. Po roku 1989 sa Slovensko začlenilo do skupiny krajín s vnútornou konvertibilitou meny. Od 1.10.1995 sú slovenská i česká koruna úplne vymeniteľné. Akceptovaná úroveň konvertibility meny spôsobuje, že kurz meny sa blíži k jej skutočnej vnútornej hodnote. 
610 2 0 |a Slovensko 
610 2 0 |a 1995 
610 2 0 |a mena 
610 2 0 |a koruna 
610 2 0 |a stabilita meny 
610 2 0 |a konvertibilita 
610 2 0 |a kurz výmenný 
610 2 0 |a sústava menová 
100 1 |a Kráľ, Miloš